Nezabudli na Oj, nechody, Hrycju.. Štyridsať rokov Ukrajinského národného divadla v Prešove

Bibliographic Details
Main Authors: Rešovský, Jozef, 1934-1990 (Author), Hryc-Duda, Ivan, 1911-1999 (Author)
Format: Article
Language:Slovak
PhysicalDescription:Obr. 5.
Subjects:

MARC

LEADER 00000nab a2200000 a 4500
001 vtls000236646
003 SK-MaSNL
005 20260305023256.0
008 040806c1986 xo 0 slo
015 |a SNBRB19rr/mm-uuuuu 
035 |a CL0246760 
040 |a SNKBUCL  |b slo  |c SNKBUCL  |e AACR2 
041 0 |a slo 
044 |a xo  |c SK 
080 |a 792  |2 1981 
100 1 |a Rešovský, Jozef,  |d 1934-1990  |4 aut  |9 175551 
245 1 0 |a Nezabudli na Oj, nechody, Hrycju..  |b Štyridsať rokov Ukrajinského národného divadla v Prešove  |c Ivan Hryc-Duda, Jozef Rešovský 
300 |b Obr. 5. 
600 1 7 |a Staryc'kyj, Mychajlo,  |d 1840-1904  |t Oj, ne chody Hrycju ...  |2 snkbucl  |9 1513010 
610 2 7 |a Ukrajinské národné divadlo v Prešove  |2 snkbucl  |9 232422 
650 0 7 |a divadlá  |2 snkbucl  |9 29113 
650 0 7 |a ukrajinské divadlo  |2 snkbucl  |9 97568 
651 7 |a Prešov (Slovensko)  |2 snkbucl  |9 17347 
655 7 |a rozhovory  |2 snkbucl  |9 31831 
655 7 |a články z novín a časopisov  |2 snkbucl  |9 267496 
700 1 |a Hryc-Duda, Ivan,  |d 1911-1999  |4 aut  |9 195639 
773 0 |t Život  |g Roč. 36, č. 1 (1986), s. 10-11 
850 |a Slovenská národná knižnica v Martine  |a MTA001 
852 |a SNK  |b KIS3GCP 
999 |c 3295513  |d 3297443